Actor Chain (Broadway Edition) Quiz Stats

 Plays Quiz Updated Jan 13, 2020

Support Sporcle.
Go Orange.
Score 0/21 Timer 04:00
0 Plays Today
Actors Show % Correct
Kristin Chenoweth, Idina Menzel, Norbert Leo ButzWicked
93.8%
Anthony Rapp, Idina Menzel, Daphne Rubin-VegaRent
71.4%
Gary Beach, Matthew Broderick, Nathan LaneThe Producers
71.1%
Kerry Butler, Matthew Morrison, Harvey FiersteinHairspray
44%
Leslie Kritzer, Laura Bell Bundy, Christian BorleLegally Blonde
35.1%
Christian Borle, Tim Curry, David Hyde PierceMonty Python's Spamalot
33.1%
Roger Bart, Kristin Chenoweth, Anthony RappYou're a Good Man, Charlie Brown
31.8%
Norbert Leo Butz, John Lithgow, Sherie Rene ScottDirty Rotten Scoundrels
29.9%
Sherie Rene Scott, Sierra Boggess, Derrick BaskinThe Little Mermaid
27.9%
Sutton Foster, Gavin Creel, Marc KudischThoroughly Modern Millie
27.1%
David Hyde Pierce, Debra Monk, Edward HibbertCurtains
21.8%
Actors Show % Correct
Celia Keenan-Bolger, Daphne Rubin-Vega, Gary BeachLes Misérables
19.6%
Alice Ripley, Emily Skinner, Jeff McCarthySide Show
18.2%
Jeff McCarthy, Jennifer Laura Thompson, Hunter FosterUrinetown
16.6%
Edward Hibbert, Bob Martin, Sutton FosterThe Drowsy Chaperone
16.6%
Hunter Foster, Rob Bartlett, Kerry ButlerLittle Shop of Horrors
15.9%
Derrick Baskin, Dan Fogler, Celia Keenan-BolgerThe 25th Annual Putnam County Spelling Bee
15.8%
Marc Kudisch, Brian D'Arcy James, Kristin ChenowethThe Apple Tree
13.6%
Daphne Rubin-Vega, Raúl Esparza, Alice RipleyThe Rocky Horror Show
10.1%
Nathan Lane, John Byner, Roger BartThe Frogs
9.2%
Harvey Fierstein, Faith Prince, Leslie KritzerA Catered Affair
8.6%

From the Vault

NBA Finals Slideshow

by BanjoZebra

Sports 5m
Which player will have the final say?
Remove Ads.
Support Sporcle.
Get the best of Sporcle when you Go Orange. This ad-free experience offers more features, more stats, and more fun while also helping to support Sporcle. Thank you for becoming a member.

Show Comments

Extras

Top Quizzes Today


Score Distribution

Your Account Isn't Verified!

In order to create a playlist on Sporcle, you need to verify the email address you used during registration. Go to your Sporcle Settings to finish the process.

Report this User

Report this user for behavior that violates our Community Guidelines.

Details: